Commercial development activity (Record no. 110835)

MARC details
000 -LEADER
fixed length control field 01411cad a22002295a 4500
001 - CONTROL NUMBER
control field L150340
008 - FIXED-LENGTH DATA ELEMENTS--GENERAL INFORMATION
fixed length control field 100701s2010 xxkd f s 000 0 eng d
035 ## - SYSTEM CONTROL NUMBER
System control number (Sirsi) u150340
041 0# - LANGUAGE CODE
Language code of text/sound track or separate title eng
050 04 - LIBRARY OF CONGRESS CALL NUMBER
Classification number 333.337 $2 18
110 2# - MAIN ENTRY--CORPORATE NAME
Corporate name or jurisdiction name as entry element Savills Project Consultancy
9 (RLIN) 5857
245 00 - TITLE STATEMENT
Title Commercial development activity
Remainder of title June 2010
Medium [electronic resource]
260 ## - PUBLICATION, DISTRIBUTION, ETC.
Place of publication, distribution, etc. London
Name of publisher, distributor, etc. Savills
Date of publication, distribution, etc. 2010
490 #0 - SERIES STATEMENT
Series statement Savills UK Commercial Development Activity
Volume/sequential designation June 2010
520 ## - SUMMARY, ETC.
Summary, etc. UK commercial development grew in May with rising private sector activity offsetting falling public sector development. Almost 22% of commercial developers signalled a rise in total activity in May against 18% reporting a reduction. Little change registered in the Total Commercial Development Activity Index at +4.1% in May over +4.0 % in April. Higher levels of total commercial development now recorded for three of last four months. Developers are most optimistic about industrial/warehouse activity but confidence in the office and retail/leisure sectors has eased since April.
590 ## - LOCAL NOTE (RLIN)
Local note KA
650 24 - SUBJECT ADDED ENTRY--TOPICAL TERM
Topical term or geographic name entry element SAVILLS UK COMMERCIAL DEVELOPMENT ACTIVITY PMI
651 #4 - SUBJECT ADDED ENTRY--GEOGRAPHIC NAME
Geographic name United Kingdom
Chronological subdivision
690 ## - LOCAL SUBJECT ADDED ENTRY--TOPICAL TERM (OCLC, RLIN)
Topical term or geographic name as entry element PROPERTY-COMMERCIAL PROPERTY-COMMERCIAL PROPERTY MARKET
856 40 - ELECTRONIC LOCATION AND ACCESS
Uniform Resource Identifier <a href="https://www.savills.com/uk-research/uk-commercial-development-activity-june-2010.pdf">https://www.savills.com/uk-research/uk-commercial-development-activity-june-2010.pdf</a>
Public note View this report free of charge at www.savills.com
942 ## - ADDED ENTRY ELEMENTS (KOHA)
Suppress in OPAC 0
Holdings
Withdrawn status Lost status Source of classification or shelving scheme Damaged status Not for loan Home library Current library Shelving location Date acquired Total Checkouts Full call number Barcode Date last seen Copy number Price effective from Koha item type
    Dewey Decimal Classification     Virtual Virtual Online 01/07/2010   ONLINE PUBLICATION 150340-2001 06/08/2019 1 06/08/2019 Book